Lenguaje legal y sistema jurídico: cuestiones relativas a la aplicación de la ley

Na minha lista:
Detalhes bibliográficos
Autor principal: Iturralde Sesma, Victoria (Author)
Formato: Livro
Idioma:espanhol
Publicado em: Madrid Tecnos 1989
Assuntos:
Tags: Adicionar Tag
Sem tags, seja o primeiro a adicionar uma tag!

MARC

LEADER 00000nam a2200000 a 4500
001 UCV2126
003 CL-VaPUC
008 911104e19890000SP |||||||||||||||||spa|d
082 0 4 |a 340.1  |b ITU  |2 21 
100 |a Iturralde Sesma, Victoria  |e author  |9 577054 
245 1 0 |a Lenguaje legal y sistema jurídico: cuestiones relativas a la aplicación de la ley 
300 |a 218 p 
942 |c BK 
945 |d 19911104 00:00:00 
260 |a Madrid  |b Tecnos  |c 1989 
650 7 |a INTERPRETACION DEL DERECHO  |2 CL-VaPUC  |9 296373 
650 7 |a LINGUISTICA JURIDICA  |2 CL-VaPUC  |9 257369 
583 |a last modification  |c 20161027 10:50:03  |k Rodrigo Vera 
999 |c 209809  |d 209807 
952 |0 0  |1 0  |4 0  |6 340_100000000000000_ITU_1989  |7 0  |8 DER_TF  |9 185599  |a BIBDER  |b BIBDER  |d 2019-11-14  |i 2530473  |l 2  |m 2  |o 340.1 ITU 1989  |p 2530473  |q 2025-12-31  |r 2021-10-16  |s 2021-10-16  |w 2019-11-14  |x Ubicación 4to Piso  |y BK  |z Estos recursos deben solicitarse con anticipación  |k DER